[Event "2.Nord-West-Cup"]
[Site "?"]
[Date "2000.02.11"]
[Round "3"]
[White "Zschischang, Marine"]
[Black "Schuette, Marc"]
[Result "1/2-1/2"]
[WhiteElo "2037"]
[BlackElo "2249"]
[PlyCount "123"]

1. d4 d5 2. c4 c6 3. cxd5 cxd5 4. Nc3 Nc6 5. Nf3 Nf6 6. Ne5 Qb6 7. Nxc6 bxc6 8.
e3 a5 9. Bd3 e6 10. O-O Ba6 11. Na4 Qa7 12. Bxa6 Qxa6 13. b3 Bd6 14. Bb2 O-O
15. Rc1 Nd7 16. Qc2 Rac8 17. Rfd1 f5 18. Qc3 Rf6 19. Nc5 Nxc5 20. dxc5 Bc7 21.
Qd3 Qxd3 22. Rxd3 Rf7 23. f3 Rb8 24. Rc2 Kf8 25. Rd4 e5 26. Ra4 Rb5 27. Kf2 Ke7
28. Bc1 Ke6 29. Ke2 Bd8 30. Bd2 Ra7 31. g4 g6 32. h3 Be7 33. b4 h5 34. a3 hxg4
35. hxg4 fxg4 36. fxg4 e4 37. Bc3 Ra8 38. Bd4 Ra7 39. Kd2 Bd8 40. bxa5 Bxa5+
41. Kd1 Rf7 42. Rb2 Rf1+ 43. Ke2 Re1+ 44. Kf2 Rxb2+ 45. Bxb2 Rb1 46. Bd4 Rb5
47. Ke2 Kd7 48. Kd1 Kc8 49. Kc1 Kb7 50. Kd1 Bd8 51. Kc2 Be7 52. Rb4 Rxb4 53.
axb4 Ka6 54. Bc3 Kb5 55. Kb3 Bh4 56. Bd2 Bg3 57. Bc3 Bh4 58. Bd2 Bg5 59. Kc3
Ka4 60. Kc2 Ka3 61. Kc3 Bf6+ 62. Kc2 1/2-1/2

[Event "2.Nord-West-Cup"]
[Site "?"]
[Date "2000.02.12"]
[Round "5"]
[White "Zschischang, Marine"]
[Black "Walter, Stefan"]
[Result "1/2-1/2"]
[WhiteElo "2037"]
[BlackElo "1525"]
[PlyCount "178"]

1. d4 d5 2. c4 e6 3. Nc3 Nf6 4. Bg5 Nbd7 5. e3 c6 6. cxd5 exd5 7. Nf3 Bd6 8.
Bd3 h6 9. Bh4 O-O 10. Rc1 Re8 11. Bb1 Nf8 12. Bg3 Bg4 13. Qb3 Bxf3 14. gxf3 Rb8
15. Ne2 Ne6 16. Kf1 Bxg3 17. Nxg3 Qa5 18. Nf5 c5 19. dxc5 Nxc5 20. Qc3 Qa6+ 21.
Kg2 Ncd7 22. Rhd1 Qe6 23. Qb4 Ne5 24. Rc7 Nc6 25. Qd6 Qxd6 26. Nxd6 Re6 27. Nb5
Ne8 28. Rd7 Nf6 29. Rd6 a6 30. Rxe6 fxe6 31. Nc3 Kf7 32. f4 Rd8 33. Ne2 Rc8 34.
Rd3 Ne4 35. Rd1 Nd6 36. f5 Nxf5 37. Bxf5 exf5 38. Rxd5 Ne7 39. Rd2 Rc7 40. Nc3
Ke6 41. Ne2 Nd5 42. Nd4+ Ke5 43. Nxf5 Nf4+ 44. exf4+ Kxf5 45. Kg3 Kf6 46. Rd6+
Ke7 47. Rb6 Kd8 48. f5 Kc8 49. f6 Rf7 50. fxg7 Rxg7+ 51. Kf3 h5 52. Rh6 Rg5 53.
Rb6 Kc7 54. Rb4 a5 55. Re4 Kd6 56. h4 Rb5 57. b3 Rc5 58. a3 b5 59. Kf4 Rd5 60.
Re8 Kd7 61. Re5 Rd2 62. Ke3 Ra2 63. Rxb5 Rxa3 64. Kf4 Ra2 65. f3 Rb2 66. Rxa5
Rxb3 67. Rxh5 Ke7 68. Rh6 Kf7 69. Kg4 Rb1 70. h5 Rg1+ 71. Kf5 Rg2 72. Rg6 Rf2
73. f4 Rh2 74. Kg4 Rg2+ 75. Kf5 Rh2 76. h6 Rh5+ 77. Rg5 Rxh6 78. Ke5 Ra6 79.
Kf5 Kf8 80. Rg6 Ra5+ 81. Kf6 Ra6+ 82. Kg5 Ra1 83. f5 Kf7 84. Kf4 Ra4+ 85. Ke5
Ra5+ 86. Kf4 Ra4+ 87. Kg5 Ra1 88. Rd6 Rg1+ 89. Kf4 Rf1+ 1/2-1/2

[Event "2.Nord-West-Cup"]
[Site "?"]
[Date "2000.02.13"]
[Round "7"]
[White "Zschischang, Marine"]
[Black "Gorman, Stephen"]
[Result "1-0"]
[WhiteElo "2037"]
[BlackElo "1838"]
[PlyCount "56"]

1. d4 e6 2. c4 f5 3. Nc3 Bb4 4. Bd2 Nf6 5. f3 O-O 6. a3 Bxc3 7. Bxc3 d6 8. e3
b6 9. Nh3 Bb7 10. Be2 Nbd7 11. O-O a5 12. a4 e5 13. d5 Nc5 14. b4 axb4 15. Bxb4
Nfd7 16. Qc2 Qh4 17. a5 g5 18. axb6 cxb6 19. Nf2 Ba6 20. Rab1 Kh8 21. Bxc5 bxc5
22. e4 f4 23. Qa4 Rfd8 24. Qc6 Ra7 25. Qxd6 Rda8 26. Ng4 Bc8 27. Nxe5 Ra6 28.
Qe7 Rf6 1-0